ბათუმის შოთა რუსთაველის სახელმწიფო უნივერსიტეტის ბიბლიოთეკა

სასოფლო-სამეურნეო მანქანა-იარაღები. სალექციო კურსი (ბიბ.ჩანაწერი № 49254)

000 -LEADER
fixed length control field 00982nam a2200253Ia 4500
001 - CONTROL NUMBER
control field 16168
003 - CONTROL NUMBER IDENTIFIER
control field GE_BSU
008 - FIXED-LENGTH DATA ELEMENTS--GENERAL INFORMATION
fixed length control field 181216s||||||||xx |||||||||||||| ||und||
020 ## - INTERNATIONAL STANDARD BOOK NUMBER
International Standard Book Number 9789941462023
040 ## - CATALOGING SOURCE
Transcribing agency GE_BSU
080 ## - UNIVERSAL DECIMAL CLASSIFICATION NUMBER
Universal Decimal Classification number 631.3
100 ## - MAIN ENTRY--PERSONAL NAME
Personal name მარგალიტაძე,რ. ფუტკრაძე,ზ.
245 ## - TITLE STATEMENT
Title სასოფლო-სამეურნეო მანქანა-იარაღები. სალექციო კურსი
245 ## - TITLE STATEMENT
Statement of responsibility, etc. რედ.ე.შაფაქიძე
260 ## - PUBLICATION, DISTRIBUTION, ETC.
Place of publication, distribution, etc. ბათუმი
260 ## - PUBLICATION, DISTRIBUTION, ETC.
Name of publisher, distributor, etc. ბსუ
260 ## - PUBLICATION, DISTRIBUTION, ETC.
Date of publication, distribution, etc. 2015
300 ## - PHYSICAL DESCRIPTION
Extent 290გვ.30სმ.
300 ## - PHYSICAL DESCRIPTION
Accompanying material ბიბლიოგრ.გვ.288
653 ## - INDEX TERM--UNCONTROLLED
Uncontrolled term სასოფლო-სამეურნეო მანქანა-იარაღები.
653 ## - INDEX TERM--UNCONTROLLED
Uncontrolled term სასოფლო-სამეურნეო მანქანები და დანადგარები
942 ## - ADDED ENTRY ELEMENTS (KOHA)
Koha item type წიგნი
ეგზემპლარები
Withdrawn status Lost status Damaged status Not for loan Date acquired Barcode Date last seen Price effective from Koha item type Public note
        2018-12-17 40516 2018-12-17 2018-12-17 წიგნი  
        2018-12-17 40517 2018-12-17 2018-12-17 წიგნი  
        2018-12-17 40518 2018-12-17 2018-12-17 წიგნი  
        2018-12-17 40519 2018-12-17 2018-12-17 წიგნი  
        2018-12-17 40520 2018-12-17 2018-12-17 წიგნი  
        2018-12-17 40521 2018-12-17 2018-12-17 წიგნი  
        2018-12-17 40522 2018-12-17 2018-12-17 წიგნი  
        2018-12-17 40523 2018-12-17 2018-12-17 წიგნი  
        2018-12-17 40524 2018-12-17 2018-12-17 წიგნი  
        2018-12-17 40525 2018-12-17 2018-12-17 წიგნი  
        2018-12-17 40526 2018-12-17 2018-12-17 წიგნი  
        2018-12-17 40527 2018-12-17 2018-12-17 წიგნი  
        2018-12-17 40528 2018-12-17 2018-12-17 წიგნი  
        2018-12-17 40529 2018-12-17 2018-12-17 წიგნი  
        2018-12-17 40530 2018-12-17 2018-12-17 წიგნი  
        2018-12-17 40531 2018-12-17 2018-12-17 წიგნი  
        2018-12-17 40532 2018-12-17 2018-12-17 წიგნი  
        2018-12-17 40533 2018-12-17 2018-12-17 წიგნი  
        2018-12-17 40534 2018-12-17 2018-12-17 წიგნი  
        2018-12-17 40535 2018-12-17 2018-12-17 წიგნი  
        2018-12-17 40536 2018-12-17 2018-12-17 წიგნი  
        2018-12-17 40537 2018-12-17 2018-12-17 წიგნი  
        2018-12-17 40538 2018-12-17 2018-12-17 წიგნი  
        2018-12-17 40539 2018-12-17 2018-12-17 წიგნი  
        2018-12-17 40540 2018-12-17 2018-12-17 წიგნი  
        2018-12-17 40541 2018-12-17 2018-12-17 წიგნი  
        2018-12-17 40542 2018-12-17 2018-12-17 წიგნი  
        2018-12-17 40543 2018-12-17 2018-12-17 წიგნი  
        2018-12-17 40544 2018-12-17 2018-12-17 წიგნი  
        2018-12-17 40545 2018-12-17 2018-12-17 წიგნი  
        2018-12-17 40546 2018-12-17 2018-12-17 წიგნი  
        2018-12-17 40547 2018-12-17 2018-12-17 წიგნი  
        2018-12-17 40548 2018-12-17 2018-12-17 წიგნი  
        2018-12-17 40549 2018-12-17 2018-12-17 წიგნი  
        2018-12-17 40550 2018-12-17 2018-12-17 წიგნი  
        2018-12-17 40551 2018-12-17 2018-12-17 წიგნი  
        2018-12-17 40552 2018-12-17 2018-12-17 წიგნი  
        2018-12-17 40553 2018-12-17 2018-12-17 წიგნი  
        2018-12-17 40554 2018-12-17 2018-12-17 წიგნი  
        2018-12-17 40555 2018-12-17 2018-12-17 წიგნი ბსუ-ბიბლიოთეკა
        2018-12-17 40556 2018-12-17 2018-12-17 წიგნი ბსუ-ბიბლიოთეკა
        2018-12-17 40557 2018-12-17 2018-12-17 წიგნი ბსუ-ბიბლიოთეკა
        2018-12-17 40558 2018-12-17 2018-12-17 წიგნი ბსუ-ბიბლიოთეკა
        2018-12-17 40559 2018-12-17 2018-12-17 წიგნი ბსუ-ბიბლიოთეკა